|
|
|
|
| LEADER |
00000nam1a2200000 4500 |
| 001 |
633579 |
| 005 |
20251025071607.0 |
| 035 |
|
|
|a (RuTPU)RU\TPU\conf\35327
|
| 090 |
|
|
|a 633579
|
| 100 |
|
|
|a 20211012d2021 k y0rusy50 ca
|
| 101 |
0 |
|
|a rus
|
| 102 |
|
|
|a RU
|
| 181 |
|
0 |
|a i
|
| 182 |
|
0 |
|a b
|
| 200 |
1 |
|
|a Радиоактивность и радиоактивные элементы в среде обитания человека
|e материалы VI Международной конференции, Томск, 20-24 сентября 2021 г.
|e в 2 т.
|f Национальный исследовательский Томский политехнический университет [и др.] ; гл. ред. Е. Г. Язиков ; под ред. С. И. Арбузова [и др.]
|
| 203 |
|
|
|a Текст
|c электронный
|
| 210 |
|
|
|a Томск
|c Изд-во ТПУ
|d 2021
|
| 702 |
|
1 |
|a Язиков
|b Е. Г.
|c специалист в области геологии и минералогии
|c профессор Томского политехнического университета, доктор геолого-минералогических наук, заместитель проректора по образовательной и международной деятельности
|f 1955-
|g Егор Григорьевич
|3 (RuTPU)RU\TPU\pers\26057
|4 651
|9 11896
|
| 702 |
|
1 |
|a Арбузов
|b С. И.
|c российский геолог и геохимик
|c профессор Томского политехнического университета, доктор геолого-минералогических наук
|f 1959-
|g Сергей Иванович
|3 (RuTPU)RU\TPU\pers\24710
|4 340
|9 10962
|
| 702 |
|
1 |
|a Барановская
|b Н. В.
|c геохимик
|c профессор Томского политехнического университета, доктор биологических наук
|f 1970-
|g Наталья Владимировна
|3 (RuTPU)RU\TPU\pers\26055
|4 340
|9 11894
|
| 702 |
|
1 |
|a Домаренко
|b В. А.
|c геолог
|c доцент Томского политехнического университета, кандидат геолого-минералогических наук
|f 1947-
|g Виктор Алексеевич
|3 (RuTPU)RU\TPU\pers\26058
|4 340
|
| 702 |
|
1 |
|a Поцелуев
|b А. А.
|c геолог
|c профессор Томского политехнического университета, доктор геолого-минералогических наук
|f 1952-
|g Анатолий Алексеевич
|3 (RuTPU)RU\TPU\pers\26071
|4 340
|
| 702 |
|
1 |
|a Савичев
|b О. Г.
|c геолог
|c профессор Томского политехнического университета, доктор географических наук
|f 1967-
|g Олег Геннадьевич
|3 (RuTPU)RU\TPU\pers\25454
|4 340
|9 11394
|
| 702 |
|
1 |
|a Болсуновская
|b Л. М.
|c лингвист
|c доцент Томского политехнического университета, кандидат филологических наук
|f 1966-
|g Людмила Михайловна
|3 (RuTPU)RU\TPU\pers\26830
|4 340
|9 12449
|
| 702 |
|
1 |
|a Соктоев
|b Б. Р.
|c геохимик
|c доцент Томского политехнического университета, кандидат геолого-минералогических наук
|f 1990-
|g Булат Ринчинович
|y Томск
|3 (RuTPU)RU\TPU\pers\31184
|4 340
|9 15380
|
| 702 |
|
1 |
|a Жуков
|b В. В.
|4 340
|
| 712 |
1 |
2 |
|a Радиоактивность и радиоактивные элементы в среде обитания человека
|b конференция
|d 6
|e Томск
|f 2021
|
| 712 |
0 |
2 |
|a Национальный исследовательский Томский политехнический университет
|c (2009- )
|3 (RuTPU)RU\TPU\col\15902
|9 26305
|
| 712 |
0 |
2 |
|a Российская академия наук
|b Сибирское отделение
|b Институт геологии и минералогии
|3 (RuTPU)RU\TPU\col\11925
|9 25307
|
| 712 |
0 |
2 |
|a Всероссийский научно-исследовательский институт минерального сырья им. Н. М. Федоровского
|c (Москва)
|c (1991- )
|3 (RuTPU)RU\TPU\col\701
|9 23471
|
| 712 |
0 |
2 |
|a Научно-исследовательский институт радиационной медицины и экологии
|c (Семипалатинск)
|c (1998- )
|3 (RuTPU)RU\TPU\col\21821
|9 28142
|
| 712 |
0 |
2 |
|a Университет Париж-Сакле
|c (Франция)
|3 (RuTPU)RU\TPU\col\27808
|9 28901
|
| 712 |
0 |
2 |
|a Университет Сорбона
|c (Франция)
|3 (RuTPU)RU\TPU\col\27809
|
| 801 |
|
2 |
|a RU
|b 63413507
|c 20211012
|g RCR
|
| 942 |
|
|
|c BK
|